书目信息 |
| 题名: |
新世纪实用英语口语教程
|
|
| 作者: | 万明莉 , 程丽华 主编 | |
| 分册: | ||
| 出版信息: | 北京 北京大学出版社 2007.09 |
|
| 页数: | 193页 | |
| 开本: | 26cm | |
| 丛书名: | ||
| 单 册: | ||
| 中图分类: | H319.9 | |
| 科图分类: | ||
| 主题词: | 英语--ying yu--口语--高等职业教育--教材 | |
| 电子资源: | ||
| ISBN: | 978-7-301-12462-8 | |
| 000 | 01147nam0 2200277 450 | |
| 001 | 012008314874 | |
| 005 | 20080611182810.03 | |
| 010 | @a978-7-301-12462-8@dCNY29.00 (含光盘) | |
| 016 | @aCN-A20-07-0047-0@b光盘 | |
| 100 | @a20080611d2007 em y0chiy0120 ea | |
| 101 | 0 | @achi@aeng |
| 102 | @aCN@b110000 | |
| 105 | @ay z 000yy | |
| 106 | @ar | |
| 200 | 1 | @a新世纪实用英语口语教程@Axin shi ji shi yong ying yu kou yu jiao cheng@d= New century practical oral English@f万明莉, 程丽华主编@Fwan ming li,cheng li hua zhu bian@zeng |
| 210 | @a北京@c北京大学出版社@d2007.09 | |
| 215 | @a193页@d26cm@e光盘1片 | |
| 300 | @a“十一五”国家重点出版规划项目 全国高职高专公共英语教材 | |
| 330 | @a全书共二十八课(供两个学期使用),每课由两个主题对话,两个练习(填词练习和看图说话练习),课文注释,生词和短语表以及五个经典背诵句组成,语言规范,内容实用,新颖有趣。 | |
| 510 | 1 | @aNew century practical oral English@zeng |
| 606 | 0 | @a英语@Aying yu@x口语@x高等职业教育@j教材 |
| 690 | @aH319.9@v4 | |
| 701 | 0 | @a万明莉@Awan ming li@4主编 |
| 701 | 0 | @a程丽华@Acheng li hua@4主编 |
| 801 | 0 | @aCN@bQSSK@c20080611 |
| 905 | @b726644-46@dH319.9@eW038@f3 | |
| 新世纪实用英语口语教程= New century practical oral English/万明莉, 程丽华主编.-北京:北京大学出版社,2007.09 |
| 193页;26cm+光盘1片 |
| “十一五”国家重点出版规划项目 全国高职高专公共英语教材 |
| ISBN 978-7-301-12462-8:CNY29.00 (含光盘) |
| 全书共二十八课(供两个学期使用),每课由两个主题对话,两个练习(填词练习和看图说话练习),课文注释,生词和短语表以及五个经典背诵句组成,语言规范,内容实用,新颖有趣。 |
| ● |
| 相关链接 |
|
|
|
正题名:新世纪实用英语口语教程
索取号:H319.9/W038
 
预约/预借
| 序号 | 登录号 | 条形码 | 馆藏地/架位号 | 状态 | 备注 |
| 1 | 726644 | 207266448 | 语言库209/209语言库 109排1列1层/ [索取号:H319.9/W038] | 在馆 | |
| 2 | 726645 | 207266457 | 语言库209/209语言库 109排1列1层/ [索取号:H319.9/W038] | 在馆 | |
| 3 | 726646 | 207266466 | 语言库209/209语言库 109排1列1层/ [索取号:H319.9/W038] | 在馆 |